| 000 | 00477nam a2200181Ia 4500 | ||
|---|---|---|---|
| 003 | OSt | ||
| 005 | 20230505150907.0 | ||
| 008 | 210423s2006 xx 000 0 und d | ||
| 040 | _cAL | ||
| 082 | _a615.1 SAMK | ||
| 100 |
_aSAMBAMURTHY (K);KAR (Ashutosh). _998951 |
||
| 245 | _aPharmaceutical biotechnology. | ||
| 260 |
_aNew Delhi _bNew Age International _c2006 |
||
| 300 | _axx,481 | ||
| 365 |
_b295 _cINR |
||
| 906 | _abiotechnology. ; Pharmaceutical | ||
| 942 |
_2ddc _cBK |
||
| 999 |
_c163409 _d163409 |
||